000 00463nam a2200181Ia 4500
001 24723
005 20260414151102.0
008 260414t2005||||xx |||||||||||||| ||spa||
041 _aESP
082 _a345.726
_bT22
100 _aTaruffo, Michele [1943-...]
_eAUT
245 0 _aEl vértice ambiguo :
_bensayos sobre la casación civil
260 _c2005
300 _a278 páginas :
_c21 cm.
650 _aDER
654 _aCDE
942 _cLIB
_dJUS
_fJUS
_2ddc
_n
999 _c24723
_d24723